Odhad rizika difúzneho znečistenia podzemných vôd dusíkom z poľnohospodárstva

Zraniteľnosť podzemných vôd a riziko ich znečistenia dusičnanmi z poľnohospodárskych aktivít.

Salvato in:
Dettagli Bibliografici
Autore principale: Bujnovský, Radoslav
Altri autori: Malík, Peter, Švasta, Jaromír
Natura: Capitolo di libro
Lingua:slovacco
Soggetti:
Tags: Aggiungi Tag
Nessun Tag, puoi essere il primo ad aggiungerne!!

MARC

LEADER 00000naa a2200000 4500
001 0197461
005 20221019175720.4
041 0 |a slo 
044 |a SK 
245 1 0 |a Odhad rizika difúzneho znečistenia podzemných vôd dusíkom z poľnohospodárstva  |c Radoslav Bujnovský, Peter Malík, Jaromír Švasta 
520 |a Zraniteľnosť podzemných vôd a riziko ich znečistenia dusičnanmi z poľnohospodárskych aktivít. 
610 2 0 |a voda podzemná 
610 2 0 |a znečistenie vôd 
610 2 0 |a pôda poľnohospodárska 
100 1 |a Bujnovský, Radoslav 
700 1 |a Malík, Peter 
700 1 |a Švasta, Jaromír